Visualizzazione normale
Vista MARC
- Purpura Laura
di Personal Name
Records bibliografici associati: 1
001 - CONTROL NUMBER
- control field: 58552
003 - CONTROL NUMBER IDENTIFIER
- control field:
005 - DATE AND TIME OF LATEST TRANSACTION
- control field: 20201002174923.0
008 - FIXED-LENGTH DATA ELEMENTS
- fixed length control field: 201002|| aca||aabn | a|a d
040 ## - CATALOGING SOURCE
- Original cataloging agency:
- Transcribing agency:
100 ## - HEADING--PERSONAL NAME
- Personal name: Purpura Laura
670 ## - SOURCE DATA FOUND
- Source citation: Work cat.: (): Purpura Laura, L'affido familiare dei minori stranieri non accompagnati. L'esperienza di Palermo, 2020